000 00629nam a22002177a 4500
005 20170124110037.0
010 _aA-993479
020 _c190.00
_a8187100257
035 _aA-993479
037 _bCen Lib/Ret
040 _aDPL
_bEN
082 _a882
_bSAL
100 _aSalvi, Dilip M.
_923011
245 _aScience is their god and other plays /
_cby Dilip M. Salvi
260 _aNew Delhi
_bOcean Books
_c1999
270 _bNew Delhi
_a4/19 Asaf Ali Road
_e110002
300 _a131p.
_c21cm(Hb)
650 _aPlays
_923012
650 _aPlay -- Science is their god
_923013
942 _2ddc
_cEN
_h882
_mSAL
999 _c128313
_d128313